01427nam a22003494a 4500001001200000003000800012006001900020007001500039008004100054010001700095020001500112020002000127040002100147035002000168050002300188082001600211100002500227245009300252260006400345300002300409490006300432504006400495533015200559650002600711650005400737650003300791655002900824710001700853830006400870856012600934999001701060ebr10021346CaPaEBRm u cr cn|||||||||000804s2001 enka sb 001 0 eng  z 00062179  z052164366X z0521643856 (pb) aCaPaEBRcCaPaEBR a(OCoLC)5619144314aML549b.R69 2001eb04a786/.192211 aRowland, David,cDr.10aEarly keyboard instrumentsh[electronic resource] :ba practical guide /cDavid Rowland. aCambridge ;aNew York :bCambridge University Press,c2001. axi, 154 p. :bill.1 aCambridge handbooks to the historical performance of music aIncludes bibliographical references (p. 143-147) and index. aElectronic reproduction.bPalo Alto, Calif. :cebrary,d2013.nAvailable via World Wide Web.nAccess may be limited to ebrary affiliated libraries. 0aKeyboard instruments. 0aKeyboard instrument musicxHistory and criticism. 0aPerformance practice (Music) 7aElectronic books.2local2 aebrary, Inc. 0aCambridge handbooks to the historical performance of music.40uhttp://site.ebrary.com/lib/rucke/Doc?id=10021346zAn electronic book accessible through the World Wide Web; click to view c10939d10939